| 000 | 02182cam a22006014i 4500 | ||
|---|---|---|---|
| 003 | PE-LiUPU | ||
| 005 | 20250731170447.0 | ||
| 008 | 150706s2008 pe a rb 000 0 spa d | ||
| 020 | _a6034532000 | ||
| 020 | _a9786034532007 | ||
| 035 | _a(Sirsi) i9786034532007 | ||
| 040 |
_aPE-LiUPU _bspa _cPE-LiUPU _dPE-LiUPU _erda |
||
| 049 | _aPRUA | ||
| 082 | 0 | 4 |
_a153.14 _bO42 _221 |
| 100 | 1 |
_aOlcese Salvateci, Alfieri, _d1942-, _eautor. |
|
| 245 | 1 | 0 |
_aCómo potenciar su memoria : _bmétodos y técnicas para recordar / _cAlfieri Olcese Salvateci. |
| 264 | 1 |
_aLima : _bNóstica Editorial, _c2008. |
|
| 300 |
_a162 páginas : _bilustraciones ; _c21 centímetros |
||
| 336 |
_atext _2rdacontent |
||
| 337 |
_aunmediated _2rdamedia |
||
| 338 |
_avolume _2rdacarrier |
||
| 504 | _aIncluye referencias bibliográficas. | ||
| 505 | 0 | _aEl cerebro y la memoria -- Los dos cerebros -- La inteligencia -- El poder de los ojos -- Cómo aprender a aprender -- Características de la memoria -- Tipos de memoria -- El método de la cadena -- El método de la cadena -- El método del enganche o colgadero. | |
| 526 | _aSEG68 | ||
| 526 | _aSEG70 | ||
| 526 | _aSEG69 | ||
| 526 | _aSEG67 | ||
| 526 | _aSEG43 | ||
| 526 | _aP144 | ||
| 526 | _aP143 | ||
| 526 | _aP131 | ||
| 526 | _aP122 | ||
| 526 | _aP120 | ||
| 526 | _aP117 | ||
| 526 | _aP112 | ||
| 526 | _aP110 | ||
| 526 | _aP106 | ||
| 526 | _aP101 | ||
| 526 | _aP80 | ||
| 526 | _aP59 | ||
| 526 | _aP54 | ||
| 526 | _aP35 | ||
| 526 | _aP33 | ||
| 526 | _aP30 | ||
| 541 | _g007-0809756; | ||
| 650 | 0 | 4 |
_aMemoria _xAspectos psicológicos. |
| 650 | 0 | 4 |
_aMnemotecnia _vManuales, etc. |
| 942 |
_2ddc _cBOOK |
||
| 949 |
_a153.14 O42 _wDEWEY _c1 _i60275 _d2016-10-3 _e2016-10-3 _lCCODEBUL1 _mBUL _n8 _p31.00 _r0 _sY _tBOOK _u2015-7-6 _xTEOLOGIA _zUNKNOWN _0COMPRA _o.STAFF. Colección Ciencias de la Salud |
||
| 994 |
_aC0 _bPEPRU |
||
| 596 | _a1 | ||
| 999 |
_a153.14 O42 _wDEWEY _c49917 _i60275 _d49917 _e2019-9-22 _f2021-11-3 _g5 _lCCODEBUL1 _mBUL _n15 _p31.00 _q1 _r0 _sY _tBOOK _u2015-7-6 _xSALUD _zP33 _0COMPRA _o.STAFF. Colección Ciencias de la Salud |
||
| 980 |
_81 _gALBERTO SANCHEZ Responsable de Automatización |
||